000 00879nam a2200217 i 4500
001 162709
003 ES-MaACL
005 20251003170412.0
008 931025s1787 sp |||| | spa d
040 _aCARM
_bspa
_cPAB
100 1 _aPuimayor y Badar, Félix.
_9131428
245 1 0 _aCompendio historico de la vida del beato Gaspar de Bono, del Orden de Minimos /
_clo escrivió D. Felix Puimayor y Budar ... hermano profeso de la Ven. Orden Tercera de la misma Minima Familia...
260 _aEn Valencia :
_bpor Joseph Estevan,
_c1787.
300 _a[32], 384 p. ;
_c8º.
597 1 _aSign.: [*]-2*\p8\s, A-Z\p8\s, 2A\p8\s.
600 1 7 _aGaspar de Bono,
_cBeato-
_vBiografias
_2
_9127251
700 1 1 _aEstevan, José,
_eimp.
_9126974
752 _aEspaña -
_d, Valencia
852 _aES-MaACL
_jR-939
_z-- Enc. perg.
_x- Olim: G-3973
999 _c162709
_d162709